| 000 | 01231cam a22002892 4500 | ||
|---|---|---|---|
| 999 |
_c513 _d513 |
||
| 001 | 523261 | ||
| 003 | OSt | ||
| 005 | 20190819150753.0 | ||
| 008 | 081004s2008 mau d 000 1 eng | ||
| 020 | _a9780547223254 | ||
| 040 |
_aDLC _cDLC _dDLC _dTAE |
||
| 082 | _aFIC MUR | ||
| 100 | 1 |
_aMurdock, Catherine Gilbert. _eauthor |
|
| 245 | 1 | 0 |
_aPrincess Ben : _bbeing a wholly truthful account of her various discoveries and misadventures, recounted to the best of her recollection, in four parts / _cwritten by Catherine Gilbert Murdock. |
| 260 |
_aBoston, Mass. : _bGraphia, _c©2008. |
||
| 300 |
_a344 p. ; _c21 cm. |
||
| 500 | _aOriginally published: Boston : Houghton Mifflin, 2008. | ||
| 520 | _aA girl is transformed, through instruction in life at court, determination, and magic, from sullen, pudgy, graceless Ben into Crown Princess Benevolence, a fit ruler of the kindgom of Montagne as it faces war with neighboring Drachensbett. | ||
| 521 | 1 | _a13- | |
| 650 | 1 |
_aMagic _vFiction. |
|
| 650 | 1 |
_aCourts and courtiers _vFiction. |
|
| 650 | 1 |
_aSelf-actualization (Psychology) _vFiction. |
|
| 650 | 1 | _aFairy tales. | |
| 650 | 1 |
_aPrincesses _vFiction. |
|
| 650 | 1 |
_aKings, queens, rulers, etc. _vFiction. |
|
| 942 |
_2ddc _cFIC |
||